LEADER 00916nam0-22003131i-450- 001 990000090690403321 035 $a000009069 035 $aFED01000009069 035 $a(Aleph)000009069FED01 035 $a000009069 100 $a20011111d--------km-y0itay50------ba 101 0 $aita 105 $ay-------001yy 200 1 $a<>C programming language$fBrian W. Kernighan , Dennis M. Ritchie. 205 $a2. ed. 210 $aEnglewood Cliffs$cPrentice Hall$dcopyr.$d1988 215 $aXII, 272 p.$cill.$d23 cm 610 0 $aElaboratori elettronici$aProgrammazione$aLinguaggio C 676 $a005.133 700 1$aKernighan,$bBrian W.$06059 702 1$aRitchie,$bDennis M. 801 0$aIT$bUNINA$gRICA$2UNIMARC 901 $aBK 912 $a990000090690403321 952 $a13 A 22 25$b5076$fFINBC 959 $aFINBC 996 $aC programming language$9109219 997 $aUNINA DB $aING01 LEADER 01900nam0 22003011i 450 001 UON00031838 005 20231205102104.763 100 $a20020107b19601964 |0itac50 ba 101 $afre 102 $aFR 105 $a|||| 1|||| 200 1 $aˆLes ‰actes des premieres sultans conservés dans les manuscrits turcs de la Bibliothèque a Paris$fNicoara Beldiceanu. - Paris$eMouton et Co., 1960-64 210 $a2 v.$atav. ; 24 cm 215 $avol. I$cActes de Mehmed II et de Bayezid II du MS. fonds turcs ancien 39 vol.II$cEcole Pratique des Hautes Etudes, VIe Section 316 $aInv. comune ai due voll.$5IT-UONSI DOPPI429 410 1$1001UON00018257$12001 $aDocuments et Recherches sur l'économie des pays byzantins, islamiques et slaves et leurs relations commerciale au Moyen Age$fsous la direction de Paul Lemerle$1210 $aParis$cMouton$d19 - v. ; 24 cm$v3, 7 606 $aImpero Ottomano$xStoria $xSec. 15-17$xDocumenti$3UONC009583$2FI 620 $aFR$dParis$3UONL002984 686 $aOTT IV A$cIMPERO OTTOMANO - STORIA - FONTI ORIENTALI$2A 700 1$aBELDICEANU$bNicoara$3UONV018443$0162008 712 $aMouton & Co.$3UONV246360$4650 801 $aIT$bSOL$c20250919$gRICA 912 $aUON00031838 950 $aSIBA - SISTEMA BIBLIOTECARIO DI ATENEO$dSI DOPPI 429 $eSI TUR113 5 Inv. comune ai due voll. 950 $aSIBA - SISTEMA BIBLIOTECARIO DI ATENEO$dSI OTT IV A 072 (1) $eSI SA 68998 7 072 (1) 950 $aSIBA - SISTEMA BIBLIOTECARIO DI ATENEO$dSI OTT IV A 072 (2) $eSI SA 68999 7 072 (2) 996 $aActes des premieres sultans conservés dans les manuscrits turcs de la Bibliothèque a Paris$91190061 997 $aUNIOR LEADER 03782nam 22007935 450 001 9910616372103321 005 20251113193457.0 010 $a9783031159145 010 $a3031159144 024 7 $a10.1007/978-3-031-15914-5 035 $a(MiAaPQ)EBC7102617 035 $a(Au-PeEL)EBL7102617 035 $a(CKB)24959533600041 035 $a(PPN)264952839 035 $a(OCoLC)1347226042 035 $a(DE-He213)978-3-031-15914-5 035 $a(EXLCZ)9924959533600041 100 $a20220930d2022 u| 0 101 0 $aeng 135 $aurcnu|||||||| 181 $ctxt$2rdacontent 182 $cc$2rdamedia 183 $acr$2rdacarrier 200 10$aGraph-Theoretic Concepts in Computer Science $e48th International Workshop, WG 2022, Tübingen, Germany, June 22?24, 2022, Revised Selected Papers /$fedited by Michael A. Bekos, Michael Kaufmann 205 $a1st ed. 2022. 210 1$aCham :$cSpringer International Publishing :$cImprint: Springer,$d2022. 215 $a1 online resource (469 pages) 225 1 $aLecture Notes in Computer Science,$x1611-3349 ;$v13453 311 08$aPrint version: Bekos, Michael A. Graph-Theoretic Concepts in Computer Science Cham : Springer International Publishing AG,c2022 9783031159138 320 $aIncludes bibliographical references and index. 327 $aDesign and analysis of sequential, parallel, randomized, parameterized algorithms. Distributed graph and network algorithms -- Structural graph theory with algorithmic or complexity applications -- Computational complexity of graph and network problems -- Graph grammars, graph rewriting systems and graph modeling -- Graph drawing and layouts -- Computational geometry -- Computational biology -- Graph mining -- Random graphs and models of the web and scale-free networks. 330 $aThis LNCS 13453 constitutes the thoroughly refereed proceedings of the 48th International Workshop on Graph-Theoretic Concepts in Computer Science, WG 2022.The 32 full papers presented in this volume were carefully reviewed and selected from a total of 96 submissions. The WG 2022 workshop aims to merge theory and practice by demonstrating how concepts from Graph Theory can be applied to various areas in Computer Science, or by extracting new graph theoretic problems from applications. 410 0$aLecture Notes in Computer Science,$x1611-3349 ;$v13453 606 $aComputer science$xMathematics 606 $aDiscrete mathematics 606 $aData structures (Computer science) 606 $aInformation theory 606 $aAlgorithms 606 $aComputer graphics 606 $aNumerical analysis 606 $aDiscrete Mathematics in Computer Science 606 $aData Structures and Information Theory 606 $aDesign and Analysis of Algorithms 606 $aComputer Graphics 606 $aNumerical Analysis 606 $aSymbolic and Algebraic Manipulation 615 0$aComputer science$xMathematics. 615 0$aDiscrete mathematics. 615 0$aData structures (Computer science) 615 0$aInformation theory. 615 0$aAlgorithms. 615 0$aComputer graphics. 615 0$aNumerical analysis. 615 14$aDiscrete Mathematics in Computer Science. 615 24$aData Structures and Information Theory. 615 24$aDesign and Analysis of Algorithms. 615 24$aComputer Graphics. 615 24$aNumerical Analysis. 615 24$aSymbolic and Algebraic Manipulation. 676 $a929.605 702 $aBekos$b Michael A. 702 $aKaufmann$b Michael 801 0$bMiAaPQ 801 1$bMiAaPQ 801 2$bMiAaPQ 906 $aBOOK 912 $a9910616372103321 996 $aGraph-Theoretic Concepts in Computer Science$92569248 997 $aUNINA